[Event "Chihuahua Bionext op"]
[Site "Chihuahua City"]
[Date "2019.11.29"]
[Round "3"]
[White "Rubio Ramos, Jorge Yadir"]
[Black "Pina Gonzalez, Jose Antonio"]
[Result "1/2-1/2"]
[WhiteElo "1819"]
[BlackElo "2170"]
[PlyCount "72"]
[EventDate "2019.11.28"]
[EventType "swiss"]
[EventRounds "7"]
[EventCountry "MEX"]
[SourceTitle "CBM 193 Extra"]
[Source "ChessBase"]
[SourceDate "2020.01.31"]
[SourceVersion "1"]
[SourceVersionDate "2020.01.31"]
[SourceQuality "1"]

1. d4 Nf6 2. Bg5 e6 3. Nd2 d5 4. e3 c5 5. c3 Be7 6. Bd3 Nc6 7. f4 cxd4 8. exd4 Qc7 9. Ngf3 Bd6 10. Ne5 Bxe5 11. fxe5 Nxe5 12. Bb5+ Nc6 13. 0-0 Ng8 14. Qh5 g6 15. Qf3 f5 16. Bf4 Qd8 17. Rae1 Nf6 18. Bh6 Ng4 19. Bg7 Rg8 20. Be5 Ngxe5 21. Rxe5 Kf7 22. Bxc6 bxc6 23. Nb3 Rb8 24. Rfe1 Re8 25. Qf2 h5 26. Nc5 Qg5 27. b4 h4 28. h3 Ra8 29. Qe2 Qg3 30. Qd2 a5 31. Qh6 Qxc3 32. Qh7+ Kf6 33. Qxh4+ Kf7 34. Qh7+ Kf6 35. Qh4+ Kf7 36. Qh7+ Kf6 1/2-1/2